| 000 | 00925nam a2200301Ia 4500 | ||
|---|---|---|---|
| 003 | OSt | ||
| 005 | 20220912145053.0 | ||
| 006 | a|||||r|||| 00| 0 | ||
| 007 | ta | ||
| 008 | 220909b |||||||| |||| 00| 0 eng d | ||
| 020 | _a9780387790510 (hbd) | ||
| 024 | _a83306 | ||
| 037 | _b320, 17/02/2009, Dhanraj Book House | ||
| 037 | _cTextbook | ||
| 040 |
_aCSL _beng _cCSL |
||
| 041 | _aeng | ||
| 082 | _aB287, P9 TB | ||
| 100 | _aTsybakov Alexandre B | ||
| 245 | 0 | _aIntroduction to nonparametric estimation | |
| 260 |
_aBerlin _bSpringer _c2009 |
||
| 300 |
_axii, 214p. _ccm. |
||
| 490 | _aSpringer series in statistics | ||
| 500 | _aAppendix 191-201p.; Bibliography 203-209p.; Index 211-214p. | ||
| 650 | _a Nonparametric estimation | ||
| 650 | _aStatistics | ||
| 942 |
_hB287, P9 TB _cTB _2CC |
||
| 999 |
_c22354 _d22354 |
||